000 00672nam a2200205Ia 4500
005 20250507130132.0
008 008 250505s9999 xx 000 0 eng d
037 _aDIS
040 _aEASL
_beng
_cEASL
041 _aeng
_2eng
084 _a0000064, SHA
_qEASL
100 _aSharma Sharmila
245 0 _aCheen ke April-June 1989 ke chhatra andholan ke punarrachna tatha mulyankan Mira Sinha
260 _aIndia
_bDelhi University. Social Sciences. Chinese & Japanese Studies
_c1991
300 _a86p.
546 _aBoth Acc. Nos. are of same dissertation
650 _aHL; Diss
_9754997
942 _cDIS
_h0000064, SHA
999 _c1317926
_d1317926